000 00584nam a2200253Ia 4500
003 OSt
005 20220912152255.0
006 a|||||r|||| 00| 0
007 ta
008 220909b |||||||| |||| 00| 0 eng d
024 _a54402
037 _cTextual
040 _aCSL
_beng
_cCSL
041 _aeng
082 _aJ781:4, J1
100 _aTarr S A J
245 0 _aLeaf curl disease of cotton
260 _c1951
300 _ap.
_ccm.
650 _a Fabric
650 _aAgriculture
942 _hJ781:4, J1
_cTEXL
_2CC
999 _c83562
_d83562